Historia del tiempo : del Big Bang a los agujeros negros /
Сохранить в:
| Главный автор: | |
|---|---|
| Другие авторы: | , |
| Формат: | |
| Язык: | испанский |
| Опубликовано: |
Barcelona, España :
Crítica :
2002, c1988
|
| Метки: |
Нет меток, Требуется 1-ая метка записи!
|
MARC
| LEADER | 00000nam^a2200000^a^4500 | ||
|---|---|---|---|
| 001 | 000621195 | ||
| 005 | 20250924000000.0 | ||
| 009 | 20260310133854.192 | ||
| 020 | |a 84-7423-989-3 | ||
| 037 | |a Acervo ITESO - Biblioteca | ||
| 041 | |a ESP | ||
| 091 | |a FOB. 01829 | ||
| 100 | |a Hawking, Stephen W. |e (autor) | ||
| 245 | 1 | 0 | |a Historia del tiempo : |b del Big Bang a los agujeros negros / |
| 264 | 4 | |a Barcelona, España : |b Crítica : |c 2002, c1988 | |
| 300 | |a 245 p. | ||
| 336 | |a texto |b txt |2 rdacontenido | ||
| 337 | |a sin mediación |b n |2 rdamedio | ||
| 338 | |a volumen |b nc |2 rdasoporte | ||
| 649 | |a XX | ||
| 700 | |a Sagan, Carl |e (introducción) | ||
| 700 | |a Ortuño, Miguel |e (traducción) | ||
| 910 | |a Fondo Carlos de Obeso Orendain | ||
| 920 | |a Impresos - Libros | ||
| 930 | |a Fondos Especiales | ||
| 905 | |a 147 | ||
| 901 | |a 621195-10 |b IT2 |c ESP |i D |u 20250924 | ||
| 902 | |a https://opac.biblio.iteso.mx/vufind/Record/000621195 | ||